Software engineering : (Record no. 193430)

000 -LEADER
fixed length control field 00746 a2200193 4500
003 - CONTROL NUMBER IDENTIFIER
control field Nust
005 - DATE AND TIME OF LATEST TRANSACTION
control field 20220803153354.0
020 ## - INTERNATIONAL STANDARD BOOK NUMBER
International Standard Book Number 0071240837
040 ## - CATALOGING SOURCE
Transcribing agency Nust
082 ## - DEWEY DECIMAL CLASSIFICATION NUMBER
Classification number 005.1,PRE
100 ## - MAIN ENTRY--PERSONAL NAME
Personal name Pressman, Roger S.
9 (RLIN) 17958
245 ## - TITLE STATEMENT
Title Software engineering :
Remainder of title a practitioner's approach /
Statement of responsibility, etc. Roger S. Pressman
250 ## - EDITION STATEMENT
Edition statement 6th.
260 ## - PUBLICATION, DISTRIBUTION, ETC.
Place of publication, distribution, etc. New Delhi
Name of publisher, distributor, etc. Tata McGraw-Hill
Date of publication, distribution, etc. 2005
300 ## - PHYSICAL DESCRIPTION
Extent xxxii, 880 p.:
505 ## - FORMATTED CONTENTS NOTE
Formatted contents note Part-1: The Software Process (Page-51), Part-2: Software Engineering Practice (page-127), Part-3: Applying Web Engineering (Page-499), Part-4: Managing Software Projects (Page-627),Part-5: Advance Topics in Software Engineering (Page-801).
Miscellaneous information
650 ## - SUBJECT ADDED ENTRY--TOPICAL TERM
Topical term or geographic name entry element Software engineering.
9 (RLIN) 2256
942 ## - ADDED ENTRY ELEMENTS (KOHA)
Koha item type Book
Source of classification or shelving scheme
Call number prefix 005.1,PRE
Holdings
Withdrawn status Lost status Source of classification or shelving scheme Damaged status Not for loan Permanent Location Current Location Shelving location Date acquired Total Checkouts Full call number Barcode Date last seen Date last checked out Price effective from Koha item type Public note
          Military College of Signals (MCS) Military College of Signals (MCS) General Stacks 01/28/2023 11 005.1,PRE MCS32835 05/14/2025 01/22/2025 01/28/2023 Book Almirah No.3, Shelf No.5
          Military College of Signals (MCS) Military College of Signals (MCS) General Stacks 11/08/2024 2 005.1,PRE MCS32834 04/07/2025 01/30/2025 11/08/2024 Book Almirah No.3, Shelf No.5
© 2023 Central Library, National University of Sciences and Technology. All Rights Reserved.